| 000 | 00894nam a2200265Ia 4500 | ||
|---|---|---|---|
| 003 | GCL | ||
| 008 | 140319s9999 xx 000 0 ara d | ||
| 040 |
_aGCL / _cGCL |
||
| 082 | 0 | 4 |
_a338.5016535 _bع ط |
| 100 | 1 | _aعبدالستار محمد العلى | |
| 245 | 1 | 0 |
_aالطاقة وصناعة النفط والغاز فى أقطار الخليج العربى الحاضر والمستقبل / _cعبدالستار محمد العلى |
| 260 |
_a[S.N] : _bمنشورات مركز دراسات الخليج العربى ، _c1985 |
||
| 300 | _a370 ص | ||
| 490 | _a | ||
| 650 | 0 | 4 | _aالبترول |
| 650 | 0 | 4 | _aالخليج العربى |
| 650 | 0 | 4 | _aالطاقة |
| 650 | 0 | 4 | _aالصناعة |
| 650 | 0 | 4 | _aتحويل |
| 650 | 0 | 4 | _aالغاز |
| 650 | 0 | 4 | _aالوقود |
| 650 | 0 | 4 | _aالغاز الطبيعى |
| 650 | 0 | 4 | _aالطاقة البترولية |
| 942 |
_2ddc _cBK |
||
| 999 |
_c29542 _d29542 |
||